00306nam a22000977a 4500003000400000082001400004100004200018245002900060260011100089300000800200SGT a920bN97R aराय, मान्धाता  aनिवेदिता bस्वामी सहजानंद सरस्वती स्मृति केंद्रc1997 a407